Commonwealth law bulletin. (Record no. 3053)

MARC details
000 -LEADER
fixed length control field 02170cas a2200613 4500
001 - CONTROL NUMBER
control field 11188485
003 - CONTROL NUMBER IDENTIFIER
control field OSt
005 - DATE AND TIME OF LATEST TRANSACTION
control field 20230629131428.0
008 - FIXED-LENGTH DATA ELEMENTS--GENERAL INFORMATION
fixed length control field 750918c19749999enkqr p lrv 0 a0eng
010 ## - LIBRARY OF CONGRESS CONTROL NUMBER
LC control number 75642467
015 ## - NATIONAL BIBLIOGRAPHY NUMBER
National bibliography number GB7423175
Source bnb
016 ## - NATIONAL BIBLIOGRAPHIC AGENCY CONTROL NUMBER
Record control number (AMICUS)000000104437
016 7# - NATIONAL BIBLIOGRAPHIC AGENCY CONTROL NUMBER
Record control number 011099925
Source DE-101
016 7# - NATIONAL BIBLIOGRAPHIC AGENCY CONTROL NUMBER
Record control number 195747-8
Source DE-600
016 7# - NATIONAL BIBLIOGRAPHIC AGENCY CONTROL NUMBER
Record control number 009921296
Source Uk
022 ## - INTERNATIONAL STANDARD SERIAL NUMBER
International Standard Serial Number 0305-0718
ISSN-L 0305-0718
Source z
035 ## - SYSTEM CONTROL NUMBER
System control number (OCoLC)ocm01799322
037 ## - SOURCE OF ACQUISITION
Source of stock number/acquisition (Commonwealth Secretariat Publications) Marlborough House
040 ## - CATALOGING SOURCE
Original cataloging agency DLC
Language of cataloging eng
Transcribing agency DLC
Modifying agency NSD
-- NST
-- DLC
-- HUL
-- DLC
-- SYS
-- MUQ
-- OCLCQ
-- NYDWH
-- DOS
-- OCLCQ
-- GBVCP
-- UKMGB
-- OCLCQ
-- OCLCF
-- OCLCQ
-- NLC
-- OCLCQ
-- DLC
-- OCLCQ
-- MM9
-- NLVRD
-- OCLCO
042 ## - AUTHENTICATION CODE
Authentication code pcc
-- nsdp
043 ## - GEOGRAPHIC AREA CODE
Geographic area code b------
050 00 - LIBRARY OF CONGRESS CALL NUMBER
Classification number K3
Item number .O3838
082 04 - DEWEY DECIMAL CLASSIFICATION NUMBER
Classification number 348/.009171241
Item number CLB
222 #0 - KEY TITLE
Key title Commonwealth law bulletin
245 00 - TITLE STATEMENT
Title Commonwealth law bulletin.
260 ## - PUBLICATION, DISTRIBUTION, ETC. (IMPRINT)
Place of publication, distribution, etc. London,
Name of publisher, distributor, etc. Commonwealth Secretariat.
300 ## - PHYSICAL DESCRIPTION
Extent volumes
Dimensions 21 cm
336 ## - CONTENT TYPE
Content type term text
Content type code txt
Source rdacontent
337 ## - MEDIA TYPE
Media type term unmediated
Media type code n
Source rdamedia
338 ## - CARRIER TYPE
Carrier type term volume
Carrier type code nc
Source rdacarrier
362 0# - DATES OF PUBLICATION AND/OR SEQUENTIAL DESIGNATION
Dates of publication and/or sequential designation no. 1- July 1974-
555 ## - CUMULATIVE INDEX/FINDING AIDS NOTE
Cumulative index/finding aids note 1984-1988. 1 v.
590 ## - LOCAL NOTE (RLIN)
Local note SERBIB/SERLOC merged record
610 27 - SUBJECT ADDED ENTRY--CORPORATE NAME
Corporate name or jurisdiction name as entry element Commonwealth.
Source of heading or term unbisn
650 #0 - SUBJECT ADDED ENTRY--TOPICAL TERM
Topical term or geographic name as entry element Law
Geographic subdivision Commonwealth countries
Form subdivision Periodicals.
650 #6 - SUBJECT ADDED ENTRY--TOPICAL TERM
Topical term or geographic name as entry element Droit
Geographic subdivision Commonwealth
Form subdivision Périodiques.
650 #6 - SUBJECT ADDED ENTRY--TOPICAL TERM
Topical term or geographic name as entry element Droit
Geographic subdivision Pays du Commonwealth
Form subdivision Périodiques.
650 #7 - SUBJECT ADDED ENTRY--TOPICAL TERM
Topical term or geographic name as entry element Law.
Source of heading or term fast
Authority record control number (OCoLC)fst00993678
650 #7 - SUBJECT ADDED ENTRY--TOPICAL TERM
Topical term or geographic name as entry element Municipal law.
Source of heading or term pplt
650 17 - SUBJECT ADDED ENTRY--TOPICAL TERM
Topical term or geographic name as entry element LAW.
Source of heading or term unbist
650 17 - SUBJECT ADDED ENTRY--TOPICAL TERM
Topical term or geographic name as entry element COMPARATIVE LAW.
Source of heading or term unbist
651 #7 - SUBJECT ADDED ENTRY--GEOGRAPHIC NAME
Geographic name Commonwealth countries.
Source of heading or term fast
Authority record control number (OCoLC)fst01240090
653 ## - INDEX TERM--UNCONTROLLED
Uncontrolled term Commonwealth countries
-- Law
-- Serials
655 #7 - INDEX TERM--GENRE/FORM
Genre/form data or focus term Periodicals.
Source of term fast
Authority record control number (OCoLC)fst01411641
710 2# - ADDED ENTRY--CORPORATE NAME
Corporate name or jurisdiction name as entry element Commonwealth Secretariat.
776 08 - ADDITIONAL PHYSICAL FORM ENTRY
Relationship information Online version:
Title Commonwealth law bulletin (Online)
International Standard Serial Number 1750-5976
Record control number (DLC) 2007228600
-- (OCoLC)71221857
906 ## - LOCAL DATA ELEMENT F, LDF (RLIN)
a 7
b cbc
c serials
d 4
e ncip
f 19
g n-oclcserc
942 ## - ADDED ENTRY ELEMENTS (KOHA)
Source of classification or shelving scheme Dewey Decimal Classification
Koha item type Books
Holdings
Withdrawn status Lost status Source of classification or shelving scheme Damaged status Not for loan Home library Current library Date acquired Total Checkouts Full call number Barcode Date last seen Price effective from Koha item type
    Dewey Decimal Classification     County Hall Archives County Hall Archives 06/29/2023   348/.009171241 CLB 10009458 06/29/2023 06/29/2023 Books
    Dewey Decimal Classification     County Hall Archives County Hall Archives 06/29/2023   348/.009171241 CLB 10002524 06/29/2023 06/29/2023 Books
    Dewey Decimal Classification     County Hall Archives County Hall Archives 06/29/2023   348/.009171241 CLB 10009034 06/29/2023 06/29/2023 Books
    Dewey Decimal Classification     County Hall Archives County Hall Archives 06/29/2023   348/.009171241 CLB 10002945 06/29/2023 06/29/2023 Books
    Dewey Decimal Classification     County Hall Archives County Hall Archives 06/29/2023   348/.009171241 CLB 10009460 06/29/2023 06/29/2023 Books
    Dewey Decimal Classification     County Hall Archives County Hall Archives 06/29/2023   348/.009171241 CLB 10009059 06/29/2023 06/29/2023 Books
    Dewey Decimal Classification     County Hall Archives County Hall Archives 06/29/2023   348/.009171241 CLB 10009037 06/29/2023 06/29/2023 Books
    Dewey Decimal Classification     County Hall Archives County Hall Archives 06/29/2023   348/.009171241 CLB 10009048 06/29/2023 06/29/2023 Books
    Dewey Decimal Classification     County Hall Archives County Hall Archives 06/29/2023   348/.009171241 CLB 10009035 06/29/2023 06/29/2023 Books
LIBRARY OPENING HOURS

When the Parliament is sitting: 8.00a.m - 7.00p.m or until the house adjourns
Mondays and Fridays and when the House is on Recess:  8.00a.m - 5.00p.m
Closed on Weekends and Public Holidays

Online Public Access Catalog (OPAC)
Website: http://www.parliament.go.ke
Bunge Library: https://libraryir.parliament.go.ke
Contact: library@parliament.go.ke | Tel no: (254-2)2221291 or 2848000 Ext 5043